Champions League Topscorer 2015/16 - Statistiken

Allgemein
  • Dieses Quiz wurde 62 mal gespielt
  • Das Durchschnittsergebnis liegt bei 11 aus 15
Antwortstatistiken
Rang Nation Verein Tore Antwort % Korrekt
1 Portugal Real Madrid 16 Cristiano Ronaldo
100%
2 Polen Bayern München 9 Robert Lewandowski
100%
6 Argentinien Barcelona 6 Lionel Messi
98%
5 Frankreich Atletico Madrid 7 Antoine Griezmann
96%
12 Frankreich Real Madrid 4 Karim Benzema
96%
3 Uruguay Barcelona 8 Luis Suarez
96%
3 Deutschland Bayern München 8 Thomas Müller
94%
8 Schweden Paris Saint-Germain 5 Zlatan Ibrahimovic
92%
8 Mexiko Bayer Leverkusen 5 Javier „Chicharito“Hernandez
79%
8 Frankreich Arsenal 5 Olivier Giroud
60%
12 Brasilien Zenit 4 Hulk
55%
8 Brasilien Chelsea 5 Willian
49%
12 Schweiz Bayer Leverkusen 4 Admir Mehmedi
23%
6 Russland Zenit 6 Artem Dzyuba
19%
12 Argentinien Benfica 4 Nicolas Gaitan
8%
Keine übereinstimmenden Quizze gefunden
Verteilung der Resultate
Anzahl Personen mit jedem Resultat
Perzentil nach korrekt beantworteten Fragen
Ihre Resultats-Entwicklung
Sie haben dieses Quiz noch nicht gespielt